Управление изменениями: учебное пособие для вузов

Bibliographische Detailangaben
1. Verfasser: Распопов В. М. Владимир Михайлович
Zusammenfassung:В пособии изложены основные аспекты методологии, теории и методики управления изменениями, рассмотрены особенности управления изменениями на разных этапах жизненного цикла организации, основные направления изменений, обеспечивающих развитие организаций, устойчиво функционирующих на мировом рынке. Для студентов, обучающихся по программам магистратуры, и слушателей программ МВА («Мастер делового администрирования»).
Sprache:Russisch
Veröffentlicht: Москва, Магистр, 2014
Schlagworte:
Format: MixedMaterials Buch
KOHA link:https://koha.lib.tpu.ru/cgi-bin/koha/opac-detail.pl?biblionumber=265001

MARC

LEADER 00000nam0a2200000 4500
001 265001
005 20231101233901.0
010 |a 9785977600521 
010 |a 978-5-16-005234-2 
035 |a (RuTPU)RU\TPU\book\287999 
090 |a 265001 
100 |a 20140623d2014 m y0rusy50 ca 
101 0 |a rus 
102 |a RU 
105 |a a j 001zy 
200 1 |a Управление изменениями  |e учебное пособие для вузов  |f В. М. Распопов 
210 |a Москва  |c Магистр  |c Инфра-М  |d 2014 
215 |a 334 с.  |c ил. 
320 |a Библиогр.: с. 290-291. 
320 |a Глоссарий: с. 292-297. 
330 |a В пособии изложены основные аспекты методологии, теории и методики управления изменениями, рассмотрены особенности управления изменениями на разных этапах жизненного цикла организации, основные направления изменений, обеспечивающих развитие организаций, устойчиво функционирующих на мировом рынке. Для студентов, обучающихся по программам магистратуры, и слушателей программ МВА («Мастер делового администрирования»). 
606 1 |a Предприятия  |x Экономика  |x Управление  |x Организационные изменения  |2 stltpush  |3 (RuTPU)RU\TPU\subj\71817  |9 85555 
610 1 |a методология 
610 1 |a теория 
610 1 |a исследования 
610 1 |a проектирование 
610 1 |a управление 
610 1 |a жизненный цикл 
610 1 |a организационные структуры 
610 1 |a мотивации 
610 1 |a групповое поведение 
610 1 |a стили руководства 
610 1 |a власть 
610 1 |a организационные коммуникации 
610 1 |a организационные стратегии 
610 1 |a учебные пособия 
686 |a У9(2)29-2я73  |v LBC/SL-A  |2 rubbk 
700 1 |a Распопов  |b В. М.  |g Владимир Михайлович 
801 1 |a RU  |b 63413507  |c 20140623 
801 2 |a RU  |b 63413507  |c 20150626  |g RCR 
900 |a Управление изменениями 
900 |a Деньги, кредит, банки 
942 |c BK 
951 |b 080300  |l 8.1 
955 |b 080300  |l 8.1 
959 |a 89/20140527  |d 2  |e 379,90  |f ЧЗГЛ:1  |f АНЛ:1